Public speaking / (Record no. 7202)

MARC details
000 -LEADER
fixed length control field 00817cam a2200169 a 4500
020 ## - INTERNATIONAL STANDARD BOOK NUMBER
ISBN 0060414820
050 00 - CALL NUMBER
Classification number PN4121
Item number .D334
100 1# - AUTHOR
Personal name Dance, Frank E. X.
245 10 - TITLE
Title Public speaking /
Statement of responsibility, etc Frank E.X. Dance, Carol C. Zak-Dance.
260 ## - PUBLICATION INFORMATION
Place of publication New York :
Name of publisher Harper & Row,
Year of publication c1986.
300 ## - DESCRIPTION
Number of Pages xiv, 264 p. :
Other physical details ill. ;
Dimensions 23 cm.
500 ## - NOTES
General note Includes Index
505 ## - FORMATTED CONTENTS NOTE
Table of Content Chapter 1 Public Speaking and Personal Power<br/>Chapter 2 Remote Preparation<br/>Chapter 3 Immediate Preparation<br/>Chapter 4 Research<br/>Chapter 5 Organization and Outlining<br/>Chapter 6 Rehearsal<br/>Chapter 7 Delivery<br/>Chapter 8 Argumentation and Persuasion<br/>Chapter 9 Situational Speaking<br/>Chapter 10 Ethics in Public Speaking<br/>Chapter 11 Continued Growth as a Public Speaker
650 #0 - SUBJECTS
Topical Term Public speaking.
700 2# - OTHER AUTHORS
Personal name Zak-Dance, Carol C.
942 ## - ADDED ENTRY ELEMENTS (KOHA)
Koha item type Books
Holdings
Withdrawn status Lost status Collection code Home library Current library Shelving location Date acquired Full call number Accession Number Koha item type
    Reference Methodist University Library Main Methodist University Library Main General Stacks 17/07/2000 PN4121 .D334 27679 Books
Copyright © 2026  MUG Library